000 00750nam a2200217Ii 4500
003 JO-AjNU
008 230605s9999||||xx |||||||||||||| ||und||
017 _a1666/5/2009
040 _aJO-AjNU
_bara
_erda
_cJO-AjNU
041 _aara
050 1 4 _aLB1031.M82 2010
100 3 _aمبارز،منال عبد العال مؤلف/إسماعيل،سامح سعيد م.مشارك,
_eauthor
_942885
245 0 0 _aتفريد التعليم والتعلم الذاتي
250 _aط1
264 3 1 _aعمان:دار الفكر،2010
300 _a219ص
336 _atext
_btxt
_2rdacontent
337 _aunmediated
_bn
_2rdamedia
338 _avolume
_bnc
_2rdacarrier
650 4 _aالتعليم الذاتي-طرق التعلم-التعلم
_942886
999 _aA18396
_c21964
_d21964